Guess the Famous People from their Eyes #9 - Statistics

General Stats
  • This quiz has been taken 568 times
  • The average score is 8 of 16
Answer Stats
Picture Answer % Correct
Zendaya
87%
Princess Diana
79%
Hugh Jackman
78%
Robert Downey Jr.
74%
Justin Timberlake
69%
Jay-Z
62%
Whoopi Goldberg
59%
Nicole Kidman
52%
George W. Bush
47%
Quentin Tarantino
43%
Frida Kahlo
41%
Reese Witherspoon
33%
Zinedine Zidane
25%
Madonna
23%
Martin Lawrence
17%
Kate Beckinsale
13%
No matching quizzes found
Score Distribution
Percent of People with Each Score
Percentile by Number Answered
Your Score History
You have not taken this quiz